000 00915nam a22002417a 4500
005 20111227110225.0
008 111227t xxu||||| |||| 00| 0 eng d
010 _aENG-104526
020 _a9788184503906
_c880.00
035 _aEN-88059
037 _bDBAD/PUB
040 _aDPL
_bEng
082 _a330.91724
100 _937371
_aRanjit Singh
245 0 0 _aGreat financial crisis of the world /
_cby Ranjit Singh [and] Amalesh Bhowal
260 _aNew Delhi
_bDeep & Deep Publications
_c2012
270 _aF-159, Rajouri Garden,
_bNew Delhi
_e110027
300 _axiv,200p.
_c22cm (Hb)
500 _aIncludes bibliographical references and index
700 _aBhowal, Amalesh
_937635
942 _2ddc
_cEN
_mRAN
_h330.91724
999 _c60014
_d60014